00436nam a22001577a 450000500170000001000150001702000260003203500140005803700130007208200060008510000160009124500700010726000390017727000410021630000210025720230124113520.0 aENG-136047 a9788122201468c240.00 aEN-119579 bDBAD/PUB aN aJoshi, Arun aThe Foreigner:bLibrary of South Asian Literature/cby Arun Joshi aNew DelhibOrinet Paperbacksc2010 a5A/8, Ansari RoadbNew Delhie110002 a192p.c20cm(pbk)